Quel pays d'Afrique ? - Statistiques

Statistiques générales
  • Ce quiz a été pris 64 fois
  • Le résultat moyen est 20 sur 54
Statistiques - réponses
Hint Réponse % Correct
Nelson Mandela a été le président de 1994 à 1999 à la suite des premières élections nationales non ségrégationnistes du pays. Afrique du Sud
95%
La langue nationale est le Malgache. Madagascar
95%
A été dirigé par Ramsès II ou encore Cléopâtre VII. Egypte
82%
État fondé par les États-Unis pour accueillir les esclaves américains libérés. Libéria
75%
Un génocide s’est déroulé en 1994 à l’encontre des Tutsis de la part des Hutus. Rwanda
70%
Pays entièrement enclavé par l'Afrique du Sud. Lesotho
66%
La plus grande ville est Casablanca Maroc
66%
Le pays a obtenu son indépendance après une longue lutte armée, notamment grâce au parti du Front de Libération National. Algérie
64%
Était autrefois appelé Zaïre République Démocratique du Congo
64%
Saint Thomas a donné son nom au pays. Sao Tomé-et-Principe
64%
Appartient au groupe d’îles comprenant Madère, les Açores et les îles Canaries Cap-Vert
57%
Pays au cœur du continent africain, quasiment à équidistance de tous les littoraux. République Centrafricaine
57%
Son point culminant est le Kilimanjaro. Tanzanie
57%
Où se situe la ville de Tombouctou. Mali
55%
Pays le plus peuplé d’Afrique. Nigeria
55%
Au nord-ouest, le Somaliland a déclaré son indépendance.
Somalie
55%
Pays où vivaient les oiseaux dodos, avant qu'ils s'éteignent peu après l’arrivée des Hommes sur l’île. Maurice
52%
La capitale est Brazaville. République du Congo
50%
Où se trouve Carthage, l’une des plus grandes puissances maritimes de l’Antiquité Tunisie
50%
S’appelait Swaziland lorsque le pays appartenait au Royaume-Uni. Eswatini
48%
Possède une machette sur son drapeau national. Angola
45%
Une kalachnikov se trouve sur le drapeau national. Mozambique
43%
S’appelait avant Haute Volta lorsqu’il appartenait à la France. Burkina Faso
41%
Sa capitale est la ville la plus occidentale de l’Afrique. Sénégal
41%
Sa capitale signifie "Trois Villes" en grec. Libye
39%
La plus grande île est Victoria et la seconde est Mahé. Seychelles
39%
Possède le deuxième plus haut sommet d'Afrique. Kenya
36%
Le nom du pays signifie "montagne du Lion" Sierra Leone
36%
Sa capitale est Ndjamena. Tchad
36%
S’appelait avant la "Rhodésie du Nord". Zambie
36%
Le nom du pays provient du portugais « Camarão » qui désigne une crevette. Cameroun
34%
Son drapeau national possède un soleil levant. Malawi
32%
Où se trouvent les pyramides de Meroë. Soudan
30%
Le fleuve donnant son nom au pays prend sa source en Guinée. Niger
27%
En 2009, un phénomène d’hyperinflation a poussé le pays à imprimer des billets de banque d’une valeur de 100.000.000.000.000 $. Zimbabwe
27%
Le Nil Blanc y prend sa source. Soudan du Sud
23%
Deux de ses îles sont Anjouan et Mohéli. Comores
20%
La capitale se situe sur l’île de Bioko. Guinée-Équatoriale
20%
Possède la plus petite frontière internationale du monde avec la Zambie. Botswana
18%
Était appelé jusqu’en 1977 le Territoire des Afars et des Issas Djibouti
18%
S’appelait "Côte de l’Or" lorsqu’il était colonisé par des pays européens. Ghana
16%
Le fleuve Niger y prend sa source. Guinée
14%
Dernier pays à avoir aboli l’esclavage en 1981. Mauritanie
14%
Pays le plus pauvre de l’Afrique. Burundi
11%
Le plus petit pays de l’Afrique continentale. Gambie
11%
Michael Jackson a été couronné prince du royaume. Côte d'Ivoire
9%
Le Nil Bleu y prend sa source. Ethiopie
9%
Les Britanniques ont tenté d'y créer une terre pour le peuple juif en 1903. Ouganda
7%
Premier pays d'Afrique à adopter une constitution démocratique en 1990. Bénin
5%
Sa capitale est surnommée "La Petite Rome" Erythrée
5%
Le fleuve Ogooué a donné son nom à plus de la moitié des régions du pays. Gabon
5%
Possède l’archipel des Bijagos, comptant 88 îles, dont certaines où l’on peut trouver des sociétés reposées sur le matriarcat. Guinée-Bissau
5%
Où se trouve la rivière Fish, le plus grand canyon d’Afrique. Namibie
5%
Le pays est historiquement surnommé la Côte des Esclaves. Togo
0%
Aucun quiz correspondant
Distribution des résultats
% des personnes avec chaque résultat
Percentile par nombre de réponses
Votre historique - résultats
Vous n’avez pas pris ce quiz